[Event "27th Summer Universiade in Kazan (Men)"]
[Site "Kazan"]
[Date "2013.07.11"]
[Round "4.13"]
[White "Tazbir, Marcin"]
[Black "Abdyjapar, Asyl"]
[Result "1/2-1/2"]
[WhiteElo "2561"]
[BlackElo "2400"]
[PlyCount "61"]
[EventDate "2013.??.??"]

1. d4 Nf6 2. c4 e6 3. g3 d5 4. Bg2 dxc4 5. Nf3 c5 6. O-O Nc6 7. dxc5 Qxd1 8.
Rxd1 Bxc5 9. Nbd2 c3 10. bxc3 e5 11. Nb3 Bb6 12. Nfd2 Be6 13. Ba3 O-O-O 14. Nc5
Bxc5 15. Bxc5 Kc7 16. Nb3 b6 17. Ba3 a5 18. Kf1 a4 19. Nd2 Rd7 20. Bxc6 Kxc6
21. Nf3 Rxd1+ 22. Rxd1 Nd7 23. Rd2 Bd5 24. Ne1 Bc4 25. Nd3 Re8 26. Nb2 Bxa2 27.
Nxa4 Bd5 28. Nb2 Ra8 29. Nd3 Be6 30. Be7 Kb5 31. f3 1/2-1/2

[Event "27th Summer Universiade in Kazan (Men)"]
[Site "Kazan"]
[Date "2013.07.11"]
[Round "4.14"]
[White "Pham, Chuong"]
[Black "Durarbayli, Vasif"]
[Result "0-1"]
[WhiteElo "2365"]
[BlackElo "2549"]
[PlyCount "134"]
[EventDate "2013.??.??"]

1. d4 d5 2. c4 c6 3. Nf3 Nf6 4. e3 Bf5 5. Bd3 Bg6 6. Nc3 e6 7. O-O Nbd7 8. Qe2
Bb4 9. a3 Bxc3 10. bxc3 Qa5 11. Rb1 Qa6 12. Nd2 Nb6 13. Bxg6 hxg6 14. Rb4 Rc8
15. Re1 c5 16. dxc5 Rxc5 17. e4 Nxe4 18. Nxe4 dxe4 19. Qxe4 Rxc4 20. Qe5 O-O
21. Be3 Nd7 22. Qg5 Rxb4 23. axb4 Qc6 24. Bd4 e5 25. Bc5 Nxc5 26. bxc5 Qxc5 27.
Qxe5 Qxe5 28. Rxe5 Rc8 29. Re3 a5 30. Kf1 Kf8 31. Re5 b6 32. Rb5 Rc6 33. Ke2
Ke7 34. Kd3 Kd7 35. c4 Rd6+ 36. Kc3 Kc6 37. h4 Rf6 38. Rb2 Rf4 39. g3 Rf3+ 40.
Kd4 a4 41. Rb4 Ra3 42. Rb2 f6 43. Re2 Kd6 44. Rb2 Kc7 45. Re2 Rf3 46. Re7+ Kb8
47. Rxg7 a3 48. Rg8+ Kb7 49. Rg7+ Ka6 50. Rg8 Ka5 51. Ra8+ Kb4 52. Ra6 Rxf2 53.
Rxb6+ Ka5 54. Rb8 a2 55. Ra8+ Kb4 56. Rb8+ Ka3 57. Ra8+ Kb3 58. Kd5 Rf1 59. c5
a1=Q 60. Rxa1 Rxa1 61. c6 Rc1 62. Kd6 Kc4 63. Ke6 Kd4 64. Kf7 f5 65. Kxg6 Ke5
66. h5 Rxc6+ 67. Kg5 Rc3 0-1

[Event "27th Summer Universiade in Kazan (Men)"]
[Site "Kazan"]
[Date "2013.07.11"]
[Round "4.16"]
[White "Georgescu, Tiberiu-Marian"]
[Black "Batchuluun, Tsegmed"]
[Result "1-0"]
[WhiteElo "2396"]
[BlackElo "2517"]
[PlyCount "101"]
[EventDate "2013.??.??"]

1. d4 d5 2. c4 c6 3. Nf3 Nf6 4. e3 Bf5 5. Nc3 e6 6. Nh4 Be4 7. f3 Bg6 8. Qb3
Qc7 9. Bd2 Be7 10. g3 Nbd7 11. Rc1 Nb6 12. cxd5 exd5 13. Be2 a5 14. Na4 Nxa4
15. Qxa4 O-O 16. Nxg6 hxg6 17. Kf2 Bb4 18. Qc2 Rfe8 19. Bd3 Re6 20. Rce1 Rae8
21. g4 Qe7 22. g5 Nd7 23. h4 c5 24. Bb5 cxd4 25. exd4 Qd6 26. Rxe6 Rxe6 27.
Bxb4 axb4 28. h5 Nf8 29. hxg6 fxg6 30. Rh4 Re7 31. Bd3 Kf7 32. Qc5 Qe6 33. Rf4+
Kg8 34. Re4 dxe4 35. Bc4 exf3 36. Bxe6+ Rxe6 37. Kxf3 b3 38. a4 Kf7 39. Qd5 b6
40. Qxb3 Ke7 41. Qb4+ Rd6 42. Ke4 Nd7 43. Qa3 Nf8 44. d5 Nd7 45. b4 Kd8 46. Qg3
Ke7 47. Kd4 Nb8 48. Qe5+ Kd7 49. Qxg7+ Kc8 50. Ke5 Rd7 51. Qxg6 1-0

[Event "27th Summer Universiade in Kazan (Men)"]
[Site "Kazan"]
[Date "2013.07.11"]
[Round "4.17"]
[White "Stanciu, Alexandru-Ovidiu"]
[Black "Gundavaa, Bayarsaikhan"]
[Result "1-0"]
[WhiteElo "2346"]
[BlackElo "2516"]
[PlyCount "85"]
[EventDate "2013.??.??"]

1. e4 c5 2. c3 d5 3. exd5 Qxd5 4. d4 Nc6 5. Nf3 Bf5 6. Be3 cxd4 7. Nxd4 Rd8 8.
Na3 Nxd4 9. Qxd4 Qxd4 10. Bxd4 a6 11. Be2 f6 12. O-O-O g6 13. b4 Be4 14. f3 Bc6
15. Bb6 Rc8 16. Kb2 Ba4 17. Rd3 Nh6 18. Bd1 Bxd1 19. Rhxd1 Rc6 20. Rd8+ Kf7 21.
Bf2 Bg7 22. Kb3 Rxd8 23. Rxd8 f5 24. c4 Rd6 25. Rxd6 exd6 26. Ka4 Ke6 27. Ka5
Kd7 28. Kb6 Kc8 29. b5 axb5 30. Nxb5 Nf7 31. f4 Bf6 32. Ka7 Bd8 33. Bb6 Bf6 34.
Ka8 g5 35. g3 gxf4 36. gxf4 Bb2 37. Na7+ Kd7 38. Kxb7 Bc1 39. a4 Bxf4 40. a5
Ne5 41. a6 Bxh2 42. Nc8 Nc6 43. Ne7 1-0

[Event "27th Summer Universiade in Kazan (Men)"]
[Site "Kazan"]
[Date "2013.07.11"]
[Round "4.19"]
[White "Amin, Bassem"]
[Black "Hesham, Abdelrahman"]
[Result "1-0"]
[WhiteElo "2650"]
[BlackElo "2375"]
[PlyCount "81"]
[EventDate "2013.??.??"]

1. e4 c5 2. Nf3 d6 3. g3 g6 4. Bg2 Nc6 5. O-O Bg7 6. c3 e5 7. d3 Nf6 8. a3 O-O
9. b4 Nd7 10. Nbd2 b5 11. a4 cxb4 12. axb5 bxc3 13. bxc6 cxd2 14. Bxd2 Nc5 15.
Ba5 Qe8 16. c7 Be6 17. d4 exd4 18. e5 dxe5 19. Nd2 e4 20. Bb4 Qb5 21. Qb1 Qb6
22. Bxc5 Qxc5 23. Rc1 Qe7 24. Qxe4 Rae8 25. Rxa7 Qb4 26. Qd3 Bc8 27. Ne4 f5 28.
Ng5 Bh6 29. h4 Bxg5 30. hxg5 Re1+ 31. Rxe1 Qxe1+ 32. Bf1 f4 33. Qc4+ Be6 34.
c8=Q Rxc8 35. Qxd4 Bf7 36. Rxf7 Kxf7 37. Qd7+ Qe7 38. Qxc8 Qxg5 39. Bc4+ Ke7
40. Qc7+ Ke8 41. Qxf4 1-0

[Event "27th Summer Universiade in Kazan (Men)"]
[Site "Kazan"]
[Date "2013.07.11"]
[Round "4.20"]
[White "Abasov, Nijat"]
[Black "Kantans, Toms"]
[Result "1-0"]
[WhiteElo "2498"]
[BlackElo "2343"]
[PlyCount "49"]
[EventDate "2013.??.??"]

1. d4 Nf6 2. c4 g6 3. Nc3 d5 4. cxd5 Nxd5 5. Bd2 Bg7 6. e4 Nb6 7. Be3 O-O 8.
Be2 c6 9. h3 Be6 10. Nf3 Nc4 11. Bc1 Qa5 12. O-O Rd8 13. Qc2 Na6 14. a3 h6 15.
Rd1 Rac8 16. b3 Nd6 17. b4 Qc7 18. Bf4 g5 19. Bh2 c5 20. bxc5 Nxc5 21. dxc5
Qxc5 22. e5 Qxc3 23. Qxc3 Rxc3 24. exd6 exd6 25. Rab1 1-0

[Event "27th Summer Universiade in Kazan (Men)"]
[Site "Kazan"]
[Date "2013.07.11"]
[Round "4.22"]
[White "Markov, Mikhail"]
[Black "Anton, Teodor"]
[Result "0-1"]
[WhiteElo "2305"]
[BlackElo "2438"]
[PlyCount "136"]
[EventDate "2013.??.??"]

1. c4 g6 2. Nf3 Bg7 3. g3 d6 4. Bg2 e5 5. d4 Nd7 6. Nc3 Ne7 7. h4 h6 8. dxe5
dxe5 9. Qc2 Nc6 10. Nd5 Nc5 11. Be3 Bf5 12. Qc1 Ne6 13. O-O Ncd4 14. Bxd4 exd4
15. Rd1 Qd6 16. e3 c6 17. Nf4 Nxf4 18. gxf4 d3 19. Ne5 Bxe5 20. fxe5 Qd8 21.
Qc3 Qxh4 22. e4 Bh3 23. Qxd3 Bxg2 24. Kxg2 O-O 25. Qe3 Rad8 26. Rd6 Qg4+ 27.
Kf1 Qh5 28. Rad1 Rxd6 29. Rxd6 Qxe5 30. Qd4 Re8 31. Qxe5 Rxe5 32. f3 Kf8 33.
Rd7 Re7 34. Rd8+ Kg7 35. Kf2 Kf6 36. Ke3 Ke6 37. c5 Rd7 38. Rb8 h5 39. f4 Kf6
40. b4 a6 41. a3 Ke6 42. Re8+ Kf6 43. Rb8 Kg7 44. e5 f6 45. e6 Re7 46. f5 gxf5
47. Kf4 Rxe6 48. Rxb7+ Kg6 49. Rb6 a5 50. Kf3 axb4 51. axb4 Re4 52. Rxc6 Rxb4
53. Rc8 Rc4 54. Rg8+ Kh7 55. Rg1 Rxc5 56. Kf4 Kh6 57. Rg8 Rc1 58. Kxf5 Rf1+ 59.
Ke4 h4 60. Ke3 Kh5 61. Ke4 h3 62. Ke3 Kh4 63. Rh8+ Kg3 64. Rg8+ Kh2 65. Rg7 Kh1
66. Ke4 h2 67. Rg3 Rg1 68. Ra3 Kg2 0-1

[Event "27th Summer Universiade in Kazan (Men)"]
[Site "Kazan"]
[Date "2013.07.11"]
[Round "4.23"]
[White "Mammadov, Zaur"]
[Black "Schaerer, Julian"]
[Result "1-0"]
[WhiteElo "2437"]
[BlackElo "2294"]
[PlyCount "65"]
[EventDate "2013.??.??"]

1. e4 c5 2. c3 d5 3. exd5 Qxd5 4. d4 Nf6 5. Nf3 e6 6. Na3 Nc6 7. Be3 Ng4 8. Bg5
Bd7 9. h3 Nf6 10. Bd3 cxd4 11. Nb5 Rc8 12. O-O a6 13. Bxf6 gxf6 14. Nbxd4 Nxd4
15. cxd4 Bc6 16. Re1 Rg8 17. Bxh7 Rg7 18. Be4 Qh5 19. d5 Qxh3 20. Nd4 Bd7 21.
dxe6 fxe6 22. Re3 Qh6 23. Qb3 Bd6 24. g3 Re7 25. Bf3 Rc5 26. Nxe6 Re5 27. Rxe5
Bxe5 28. Nc5 Rg7 29. Nxd7 Bxg3 30. Qe6+ Kd8 31. Qxf6+ Qxf6 32. Nxf6 Be5+ 33.
Ng4 1-0

[Event "27th Summer Universiade in Kazan (Men)"]
[Site "Kazan"]
[Date "2013.07.11"]
[Round "4.24"]
[White "Kalnins, Kristaps"]
[Black "Atabayev, Yusup"]
[Result "0-1"]
[WhiteElo "2269"]
[BlackElo "2431"]
[PlyCount "58"]
[EventDate "2013.??.??"]

1. e4 c5 2. Nc3 e6 3. g3 Nc6 4. Bg2 Nge7 5. Nge2 a6 6. d4 cxd4 7. Nxd4 Nxd4 8.
Qxd4 Nc6 9. Qd3 Be7 10. O-O O-O 11. Bf4 d6 12. Rfd1 Ne5 13. Bxe5 dxe5 14. Qxd8
Bxd8 15. Rd3 b5 16. Rad1 Bb7 17. a4 Bc6 18. Rd6 Rc8 19. axb5 axb5 20. Na2 Be7
21. R6d3 Ra8 22. Nc1 Rfc8 23. f3 g6 24. c3 b4 25. c4 Ra1 26. b3 Rca8 27. f4 Rb1
28. Ne2 Raa1 29. Rxb1 Bc5+ 0-1

[Event "27th Summer Universiade 2013 Kazan,Russ"]
[Site "Kazan,Russia"]
[Date "2013.07.11"]
[Round "4.25"]
[White "Olebile, Thato"]
[Black "Sarenac, Ivan"]
[Result "1/2-1/2"]
[WhiteElo "2108"]
[BlackElo "2410"]
[PlyCount "124"]
[EventDate "2013.07.09"]

1. d4 Nf6 2. c4 g6 3. Nc3 d5 4. Nf3 Bg7 5. Bf4 O-O 6. e3 c5 7. dxc5 Qa5 8. Rc1
dxc4 9. Bxc4 Qxc5 10. Bb3 Qa5 11. O-O Na6 12. Qe2 Nc5 13. Bc4 Ne6 14. Bg3 a6
15. Rfd1 b5 16. Bb3 Qb6 17. Nd5 Nxd5 18. Bxd5 Bb7 19. Bxb7 Qxb7 20. Be5 Rac8
21. Bxg7 Kxg7 22. h3 Qe4 23. Rxc8 Rxc8 24. Qd3 Qxd3 25. Rxd3 Rc1+ 26. Kh2 Nc5
27. Rd4 f5 28. Rd8 Rf1 29. b4 Ne4 30. Ra8 Rxf2 31. Rxa6 g5 32. Kg1 Rb2 33. Re6
Rxb4 34. Rxe7+ Kf6 35. Re8 g4 36. hxg4 fxg4 37. Nd4 g3 38. Kf1 Nc3 39. Ke1 Rb2
40. Rc8 b4 41. a3 Rxg2 42. axb4 Rg1+ 43. Kd2 Ne4+ 44. Ke2 Ng5 45. Rf8+ Ke7 46.
Rg8 Ne4 47. Rg4 Nc3+ 48. Kf3 Rf1+ 49. Kxg3 Rg1+ 50. Kf3 Rxg4 51. Kxg4 Nd5 52.
Nf5+ Kd7 53. b5 Kc7 54. e4 Nc3 55. e5 Nxb5 56. Kg5 Kd7 57. Kf6 Nc7 58. Nd4 h5
59. Nf3 Nd5+ 60. Kf7 Nf4 61. Kf6 Nd5+ 62. Kf5 Ne3+ 1/2-1/2

[Event "27th Summer Universiade 2013 Kazan,Russ"]
[Site "Kazan,Russia"]
[Date "2013.07.11"]
[Round "4.26"]
[White "Mazur, Stefan"]
[Black "Galmandakh, Badrakh"]
[Result "1-0"]
[WhiteElo "2409"]
[BlackElo "2203"]
[PlyCount "80"]
[EventDate "2013.07.09"]

1. e4 g6 2. d4 Bg7 3. Nc3 c6 4. f4 d5 5. e5 Qb6 6. Na4 Qc7 7. Nf3 Nh6 8. Be3 f6
9. Bd3 Bg4 10. O-O Nd7 11. h3 Bxf3 12. Qxf3 fxe5 13. fxe5 Rf8 14. Qg3 Rxf1+ 15.
Rxf1 Nf8 16. Nc5 e6 17. Bxh6 Bxh6 18. Rf6 Qe7 19. Qg4 Bg7 20. Rf1 b6 21. Nb3
O-O-O 22. c4 Kb8 23. c5 Nd7 24. cxb6 axb6 25. Rc1 Kb7 26. a4 Bh6 27. Rc2 Qg5
28. Qxg5 Bxg5 29. a5 b5 30. g3 Ra8 31. Kg2 Be7 32. Be2 Bb4 33. Bg4 Re8 34. Rf2
Re7 35. Rc2 c5 36. dxc5 Nxe5 37. Nd4 Nc4 38. Re2 e5 39. a6+ Kc7 40. a7 Kb7 1-0

[Event "27th Summer Universiade 2013 Kazan,Russ"]
[Site "Kazan,Russia"]
[Date "2013.07.11"]
[Round "4.27"]
[White "Gantner, Matthias"]
[Black "Ferreira, Jorge Viterbo"]
[Result "0-1"]
[WhiteElo "2270"]
[BlackElo "2401"]
[PlyCount "88"]
[EventDate "2013.07.09"]

1. e4 c5 2. Nf3 d6 3. d4 Nf6 4. Nc3 cxd4 5. Nxd4 a6 6. Be3 e5 7. Nb3 Be6 8. f3
h5 9. Nd5 Nxd5 10. exd5 Bf5 11. Bd3 Bxd3 12. Qxd3 g6 13. O-O Bg7 14. c4 Nd7 15.
c5 O-O 16. c6 bxc6 17. dxc6 Nf6 18. Rac1 d5 19. Bg5 Qb6+ 20. Kh1 d4 21. Rc5
Rfe8 22. Bxf6 Bxf6 23. c7 Be7 24. Rc4 Rac8 25. Rfc1 Qb5 26. a4 Qd7 27. Rc6 Bg5
28. R1c2 e4 29. fxe4 Bf4 30. Nxd4 Rxc7 31. Qf3 Rxc6 32. Nxc6 Rxe4 33. g3 Re3
34. Qf1 Qd5+ 35. Kg1 Bd6 36. Qf2 Bc5 37. Ne7+ Rxe7 38. Qxc5 Re1+ 39. Kf2 Qh1
40. Qc8+ Kh7 41. Qc4 Qg1+ 42. Kf3 Re3+ 43. Kf4 Re6 44. Qc5 Qf1+ 0-1

[Event "27th Summer Universiade 2013 Kazan,Russ"]
[Site "Kazan,Russia"]
[Date "2013.07.11"]
[Round "4.28"]
[White "Mohamad, Ervan"]
[Black "Jurcik, Marian"]
[Result "1/2-1/2"]
[WhiteElo "2207"]
[BlackElo "2512"]
[PlyCount "104"]
[EventDate "2013.07.09"]

1. e4 c5 2. Nf3 Nc6 3. d4 cxd4 4. Nxd4 g6 5. c4 Bg7 6. Be3 Nf6 7. Nc3 O-O 8.
Be2 d6 9. O-O Nd7 10. Rb1 a5 11. Kh1 Nc5 12. f4 Bd7 13. Bf3 a4 14. Nxc6 Bxc6
15. e5 a3 16. Bxc5 dxc5 17. b3 f6 18. exf6 Bxf6 19. Bxc6 Bxc3 20. Bd5+ Kg7 21.
Qc2 Qa5 22. Qe4 Bf6 23. g4 Kh8 24. Rbe1 Rae8 25. Re3 Qd2 26. Rh3 Kg7 27. Qg2
Qxg2+ 28. Kxg2 e6 29. Be4 Rd8 30. Rd3 Rxd3 31. Bxd3 Rd8 32. Rd1 Rd4 33. Kf3 e5
34. fxe5 Bxe5 35. h3 g5 36. Bc2 Rf4+ 37. Kg2 Bd4 38. Rf1 Rxf1 39. Kxf1 h6 40.
Be4 b6 41. Ke2 Kf6 42. Kd3 Ke5 43. Bg6 Bb2 44. Ke3 Bc1+ 45. Kd3 Kf4 46. Kc2 Bb2
47. Bh5 Kg3 48. Bg6 Kxh3 49. Bh5 Kg3 50. Kb1 Kf3 51. Kc2 Ke3 52. Bg6 Bg7
1/2-1/2

[Event "27th Summer Universiade 2013 Kazan,Russ"]
[Site "Kazan,Russia"]
[Date "2013.07.11"]
[Round "4.29"]
[White "Soares, Erikson Roberto Mau"]
[Black "Martins, Vinicius Tine"]
[Result "0-1"]
[WhiteElo "2193"]
[BlackElo "2391"]
[PlyCount "68"]
[EventDate "2013.07.09"]

1. d4 Nf6 2. Nf3 c5 3. g3 cxd4 4. Nxd4 d5 5. Bg2 e5 6. Nb3 Nc6 7. O-O Be6 8.
Bg5 Qd7 9. Nc3 Rd8 10. e4 d4 11. Nd5 Be7 12. Bxf6 gxf6 13. Nc5 Qd6 14. Nxb7 Qb8
15. Nxd8 Bxd8 16. f4 Qxb2 17. f5 Bxd5 18. exd5 Na5 19. Rb1 Qc3 20. Rb8 Qc7 21.
Qb1 O-O 22. Qb4 Be7 23. Rxf8+ Bxf8 24. Qb5 Nb7 25. Qc6 Qe7 26. Rb1 Nd6 27. g4
e4 28. Rb8 e3 29. Kf1 Qe5 30. Ke2 Qf4 31. Kd3 Kg7 32. Rb1 Qf2 33. Kxd4 Qd2+ 34.
Kc5 Qc3# 0-1

[Event "27th Summer Universiade 2013 Kazan,Russ"]
[Site "Kazan,Russia"]
[Date "2013.07.11"]
[Round "4.30"]
[White "Caetano, Hugo Zanotti Mendon"]
[Black "Meskovs, Nikita"]
[Result "0-1"]
[WhiteElo "2152"]
[BlackElo "2372"]
[PlyCount "56"]
[EventDate "2013.07.09"]

1. d4 Nf6 2. c4 c5 3. d5 b5 4. cxb5 a6 5. e3 axb5 6. Bxb5 Ba6 7. Bxa6 Rxa6 8.
Nc3 g6 9. Nge2 Bg7 10. O-O O-O 11. b3 d6 12. Bb2 Nbd7 13. Qc2 Qb6 14. Rfd1 Rb8
15. Rab1 Qb4 16. h3 Ne8 17. Na4 Bxb2 18. Nxb2 Rxa2 19. Nc3 Ra3 20. Nd3 Qa5 21.
Ne4 Nef6 22. Nxf6+ Nxf6 23. Qc4 Qb5 24. Qxb5 Rxb5 25. Nc1 Ne4 26. Rd3 c4 27.
Rd4 Nc3 28. Rb2 Ra1 0-1

[Event "27th Summer Universiade 2013 Kazan,Russ"]
[Site "Kazan,Russia"]
[Date "2013.07.11"]
[Round "4.31"]
[White "Tologontegin, Semetey"]
[Black "Nayan, Ahmad Fadzil"]
[Result "1-0"]
[WhiteElo "2370"]
[BlackElo "2102"]
[PlyCount "79"]
[EventDate "2013.07.09"]

1. e4 c5 2. Na3 g6 3. c3 Bg7 4. f4 d5 5. e5 Nh6 6. Nf3 O-O 7. Be2 b6 8. d4 Ba6
9. Be3 Bxe2 10. Qxe2 Nd7 11. O-O e6 12. Bf2 a6 13. c4 dxc4 14. Nxc4 b5 15. Nd6
c4 16. a4 bxa4 17. Nxc4 Nf5 18. Rxa4 h5 19. Rd1 Qc7 20. d5 exd5 21. Rxd5 Qc6
22. Rda5 Rfd8 23. h3 Nf8 24. g4 hxg4 25. hxg4 Ne6 26. Nb6 Qc1+ 27. Kg2 Nfd4 28.
Rxd4 Rxd4 29. Be3 Nxf4+ 30. Bxf4 Rxf4 31. Nxa8 Rxg4+ 32. Kf2 Bh6 33. Ra3 Qh1
34. Qf1 Qh5 35. Nb6 Qf5 36. Qd3 Qf4 37. Nd5 Qg3+ 38. Ke2 Qg2+ 39. Kd1 Rf4 40.
Nxf4 1-0

[Event "27th Summer Universiade 2013 Kazan,Russ"]
[Site "Kazan,Russia"]
[Date "2013.07.11"]
[Round "4.32"]
[White "Zulkifli, Muhd Syazwan"]
[Black "Hajbok, Robert"]
[Result "1-0"]
[WhiteElo "2063"]
[BlackElo "2367"]
[PlyCount "93"]
[EventDate "2013.07.09"]

1. d4 Nf6 2. Nf3 c5 3. d5 e6 4. c4 exd5 5. cxd5 d6 6. Nc3 g6 7. g3 Bg7 8. Bg2
O-O 9. O-O Re8 10. Nd2 a6 11. a4 Nbd7 12. h3 Nh5 13. e4 Ne5 14. Qe2 f5 15. Nc4
Nxc4 16. Qxc4 b5 17. Qd3 b4 18. Ne2 fxe4 19. Qc2 Qd7 20. g4 Nf6 21. Ng3 Bb7 22.
Nxe4 Nxe4 23. Bxe4 Qf7 24. Rd1 Bd4 25. Be3 Rxe4 26. Qxe4 Re8 27. Qf4 Qxd5 28.
Qh2 Rxe3 29. fxe3 Bxe3+ 30. Kf1 Qf3+ 31. Ke1 Bd5 32. Rxd5 Qxd5 33. Rd1 Bd4 34.
Qe2 Qg5 35. Rd3 Qc1+ 36. Rd1 Qg5 37. Rd3 Kg7 38. Kd1 a5 39. Rf3 Be5 40. b3 d5
41. h4 Qe7 42. Re3 Kf6 43. g5+ Kf5 44. Rf3+ Ke6 45. Rf6+ Kd7 46. Qb5+ Kd8 47.
Qxa5+ 1-0

[Event "27th Summer Universiade 2013 Kazan,Russ"]
[Site "Kazan,Russia"]
[Date "2013.07.11"]
[Round "4.33"]
[White "Gaehler, Marco"]
[Black "Fernandes, Carlos A"]
[Result "1-0"]
[WhiteElo "2317"]
[BlackElo "2122"]
[PlyCount "112"]
[EventDate "2013.07.09"]

1. g3 Nf6 2. Bg2 d5 3. Nf3 e6 4. O-O b5 5. d3 Be7 6. c4 c6 7. Bf4 O-O 8. cxb5
cxb5 9. Na3 Qa5 10. Nd4 Bd7 11. e4 Bxa3 12. Nb3 Qa6 13. bxa3 Qxa3 14. e5 Ne8
15. Be3 Na6 16. f4 Nec7 17. g4 Qe7 18. g5 b4 19. Rf3 Rfc8 20. Rh3 g6 21. Rh6
Nb5 22. Qg4 Kg7 23. Qh4 Rh8 24. Rf1 Nc3 25. Rf3 Bb5 26. Rh3 Rag8 27. Bf1 Nxa2
28. Qf2 Nc3 29. Bxa7 Ba4 30. Rxh7+ Rxh7 31. Rxh7+ Kf8 32. Qb6 Bb5 33. d4 Qc7
34. Qxc7 Nxc7 35. Bc5+ Ke8 36. Bxb4 Ne2+ 37. Bxe2 Bxe2 38. Bc5 Nb5 39. Kf2 Nc3
40. Rh3 Bg4 41. Rxc3 Rh8 42. Kg2 Bf5 43. Ba3 Rh4 44. Bc1 Rg4+ 45. Rg3 Rh4 46.
Be3 Kd7 47. Nd2 Kc6 48. Kg1 Kb5 49. Nf3 Rh8 50. Rg2 Kc4 51. Ra2 Rb8 52. Kf2 Rb7
53. h4 Kb3 54. Ra1 Kb2 55. Rh1 Bg4 56. Nd2 Kc2 1-0

[Event "27th Summer Universiade 2013 Kazan,Russ"]
[Site "Kazan,Russia"]
[Date "2013.07.11"]
[Round "4.34"]
[White "Nanjo, Ryosuke"]
[Black "Mooketsi, David"]
[Result "1/2-1/2"]
[WhiteElo "2299"]
[BlackElo "1847"]
[PlyCount "93"]
[EventDate "2013.07.09"]

1. e4 c5 2. Nf3 d6 3. d4 cxd4 4. Nxd4 Nf6 5. Nc3 a6 6. Be3 e5 7. Nb3 Be6 8. f3
Be7 9. Qd2 O-O 10. O-O-O Nbd7 11. g4 b5 12. g5 b4 13. Ne2 Ne8 14. f4 a5 15. f5
a4 16. Nbd4 exd4 17. Nxd4 b3 18. Kb1 bxc2+ 19. Nxc2 Bb3 20. axb3 axb3 21. Na3
Ne5 22. h4 Ra4 23. Qg2 Qa8 24. f6 Bd8 25. Rd4 Nc7 26. h5 Ne6 27. Rxa4 Qxa4 28.
Bb5 Qa8 29. fxg7 Kxg7 30. g6 Bg5 31. gxf7 h6 32. Rf1 Rxf7 33. Rxf7+ Kxf7 34.
Bxg5 Nxg5 35. Bc4+ Nxc4 36. Nxc4 Qxe4+ 37. Qxe4 Nxe4 38. Kc1 Ke6 39. Nd2 Nc5
40. Kd1 Kf5 41. Nc4 d5 42. Ne3+ Kg5 43. Nxd5 Kxh5 44. Kd2 Kg4 45. Kc3 Kf3 46.
Ne7 h5 47. Ng6 1/2-1/2

[Event "27th Summer Universiade 2013 Kazan,Russ"]
[Site "Kazan,Russia"]
[Date "2013.07.11"]
[Round "4.35"]
[White "Haitbayev, Hayrulla"]
[Black "Wyss, Jonas"]
[Result "1-0"]
[WhiteElo "2088"]
[BlackElo "2270"]
[PlyCount "113"]
[EventDate "2013.07.09"]

1. e4 c6 2. d4 d5 3. e5 Bf5 4. Ne2 e6 5. Ng3 Bg6 6. Be2 c5 7. c3 Nc6 8. Be3 Qb6
9. b3 cxd4 10. cxd4 Bb4+ 11. Kf1 Nge7 12. Bd3 Bxd3+ 13. Qxd3 Ng6 14. h4 h5 15.
Ne2 Be7 16. g3 Nb4 17. Qd2 Qc6 18. a3 Nc2 19. Ra2 Nxe3+ 20. Qxe3 f6 21. Qd3 Rh6
22. f4 fxe5 23. dxe5 Rc8 24. Kg2 Qb6 25. Nd2 Bc5 26. Rc1 Rc6 27. b4 Be3 28.
Rxc6 bxc6 29. Nf1 Bf2 30. Nc1 Bd4 31. Nb3 Bxe5 32. fxe5 Nxe5 33. Qd4 Qxd4 34.
Nxd4 Kd7 35. Nd2 Nd3 36. N4b3 Kd6 37. Nf3 e5 38. Re2 e4 39. Ne1 Ne5 40. Rf2 Rf6
41. Rxf6+ gxf6 42. Nc2 Nc4 43. Nbd4 a6 44. Kh3 Ne5 45. Ne3 c5 46. Nef5+ Kd7 47.
bxc5 Nc4 48. g4 hxg4+ 49. Kxg4 Nxa3 50. h5 Nc4 51. h6 Ne5+ 52. Kh5 Nf7 53. h7
e3 54. Nxe3 a5 55. Nxd5 a4 56. Kg6 Nh8+ 57. Kg7 1-0

[Event "27th Summer Universiade 2013 Kazan,Russ"]
[Site "Kazan,Russia"]
[Date "2013.07.11"]
[Round "4.36"]
[White "Akunov, Maskat"]
[Black "Esenov, Annaberdi"]
[Result "0-1"]
[WhiteElo "1882"]
[BlackElo "2255"]
[PlyCount "128"]
[EventDate "2013.07.09"]

1. d4 Nf6 2. Bg5 Ne4 3. Bf4 f5 4. e3 e6 5. f3 Nf6 6. Bd3 Nh5 7. Ne2 Nxf4 8.
Nxf4 d5 9. Nd2 Bd6 10. Qe2 c5 11. dxc5 Bxc5 12. e4 fxe4 13. fxe4 O-O 14. Rf1
Qg5 15. g3 Nc6 16. O-O-O Nd4 17. Qg2 e5 18. Nxd5 Bg4 19. Rxf8+ Rxf8 20. Rf1
Rxf1+ 21. Bxf1 Nf3 22. Qe2 h5 23. Bg2 Nxd2 24. Qxd2 Qg6 25. b4 Bf8 26. Qc3 Qd6
27. Bf1 Kh7 28. Kb2 Bd7 29. a3 g6 30. Qe3 a6 31. Qg5 Bg7 32. Be2 Bc6 33. Qd2
Qf8 34. Qe3 Qd6 35. c4 Qf8 36. Kb3 Qd8 37. Qf3 Bd7 38. Qf7 Be8 39. Qe6 Bc6 40.
Bd3 Qd7 41. Qxd7 Bxd7 42. c5 Kh6 43. h4 g5 44. Ne3 gxh4 45. gxh4 Kg6 46. Nf5
Bf6 47. a4 Bd8 48. Nd6 Bxh4 49. Nxb7 Bf2 50. Bxa6 h4 51. Bf1 Kg5 52. b5 h3 53.
c6 Be6+ 54. Kc3 h2 55. Bg2 Kf4 56. a5 Bg4 57. c7 Bc8 58. Nd6 Be1+ 59. Kd3 Bxa5
60. Ke2 Bg4+ 61. Kf1 Bxc7 62. Nc4 Be6 63. Nd2 Bh3 64. Kf2 Bb6+ 0-1

[Event "27th Summer Universiade 2013 Kazan,Russ"]
[Site "Kazan,Russia"]
[Date "2013.07.11"]
[Round "4.37"]
[White "Garcia Fuentes, Sergio Mig"]
[Black "Gumpo, Thabo"]
[Result "1-0"]
[WhiteElo "2181"]
[BlackElo "2015"]
[PlyCount "51"]
[EventDate "2013.07.09"]

1. e4 c6 2. d4 d5 3. Nc3 dxe4 4. Nxe4 Nf6 5. Nxf6+ exf6 6. Be3 Bd6 7. Bd3 O-O
8. c3 Re8 9. Qc2 h6 10. O-O-O Qa5 11. a3 Be6 12. Ne2 b5 13. g4 Bd5 14. h4 Bxh1
15. Rxh1 b4 16. Bc4 Rxe3 17. fxe3 bxa3 18. b4 a2 19. Bxa2 Qa3+ 20. Kd2 a5 21.
Ra1 Kf8 22. Qb3 Qxb3 23. Bxb3 Bc7 24. Nf4 Nd7 25. Bc2 g5 26. Ng2 1-0

[Event "27th Summer Universiade 2013 Kazan,Russ"]
[Site "Kazan,Russia"]
[Date "2013.07.11"]
[Round "4.38"]
[White "Giron, David"]
[Black "Rajapakse, R M C M."]
[Result "1-0"]
[WhiteElo "2062"]
[BlackElo "2075"]
[PlyCount "52"]
[EventDate "2013.07.09"]

1. e4 c5 2. Nf3 d6 3. d4 cxd4 4. Nxd4 Nf6 5. Nc3 a6 6. h3 e5 7. Nde2 Be7 8. g4
Be6 9. Bg2 h6 10. Be3 Nbd7 11. O-O Rc8 12. Qd2 b5 13. a4 b4 14. Nd5 Bxd5 15.
exd5 O-O 16. Ng3 Re8 17. a5 Qc7 18. Rfc1 Qb7 19. Bxh6 gxh6 20. Qxh6 Bf8 21.
Qg5+ Kh8 22. Qh4+ Kg8 23. g5 Bg7 24. gxf6 Nxf6 25. Nf5 Red8 26. Nxg7 Kxg7 1-0

[Event "27th Summer Universiade 2013 Kazan,Russ"]
[Site "Kazan,Russia"]
[Date "2013.07.11"]
[Round "4.39"]
[White "Chaulagain, Purushottam"]
[Black "Sato, Kaname"]
[Result "1-0"]
[WhiteElo "1923"]
[BlackElo "2038"]
[PlyCount "99"]
[EventDate "2013.07.09"]

1. Nf3 c5 2. c4 Nc6 3. Nc3 g6 4. e3 Bg7 5. d4 cxd4 6. exd4 d6 7. Be2 Bg4 8. Be3
Nh6 9. d5 Bxf3 10. Bxf3 Ne5 11. Qa4+ Kf8 12. Be2 Nhg4 13. Bd2 h5 14. O-O Nd7
15. Ne4 b6 16. Qa3 Be5 17. g3 Ndf6 18. Ng5 Nh7 19. Nf3 Qc8 20. Nxe5 Nxe5 21.
Bc3 Nf6 22. Bxe5 dxe5 23. Qe3 e4 24. Rfe1 Qh3 25. Bf1 Qf5 26. Bg2 h4 27. Bxe4
Nxe4 28. Qxe4 hxg3 29. fxg3 Qd7 30. Re2 Rc8 31. Rf1 Kg7 32. Qxe7 Qxe7 33. Rxe7
Rxc4 34. Rexf7+ Kh6 35. Rxa7 Rd4 36. Rb7 Rxd5 37. Rxb6 Rc8 38. Rf2 Kg5 39. Kg2
Rc4 40. b4 Rdd4 41. Rb2 Kf5 42. a4 g5 43. a5 g4 44. Rf2+ Kg5 45. Rb5+ Kg6 46.
a6 Rc1 47. h3 gxh3+ 48. Kxh3 Ra1 49. Rb6+ Kg7 50. Rc2 1-0